Návrh hodnotenia efektivity podnikového vzdelávania zamestnancov v spoločnosti MENERT spol. s r.o.

Gespeichert in:
Bibliographische Detailangaben
1. Verfasser: Balážová, Eva (Verfasst von)
Weitere Verfasser: Szabó, Peter (Betreuung Doktorarbeit)
Format: Manuskript Buch
Sprache:Slowakisch
Veröffentlicht: 2017
Schlagworte:
Online-Zugang:http://is.stuba.sk/zp/portal_zp.pl?podrobnosti=130635
Tags: Tag hinzufügen
Keine Tags, Fügen Sie das erste Tag hinzu!

MARC

LEADER 00000ntm a22000003a 4500
001 stuzp61989
003 SK-STU
005 20170610210437.3
007 ta
008 150427s2015----xo-----f-mn---000-0-slo-d
040 |a STU  |b slo 
041 0 |a slo 
100 1 |a Balážová, Eva  |u 064000  |k Z4  |4 aut  |U MTF Materiálovotechnologická fakulta  |T MTF Ústav priemyselného inžinierstva a manažmentu  |X 69980  |U M4000  |Y 84  |7 69980 
242 0 1 |a Proposed efficacy assessment of business education of employees in MENERT spol. s r. o. Company  |y eng 
245 1 0 |a Návrh hodnotenia efektivity podnikového vzdelávania zamestnancov v spoločnosti MENERT spol. s r.o. 
260 |c 2017 
650 4 |a ľudské zdroje  |2 slo 
650 4 |a vzdelávanie  |2 slo 
650 4 |a hodnotenie  |2 slo 
650 4 |a efektivita  |2 slo 
650 4 |a effectiveness  |2 eng 
650 4 |a education  |2 eng 
650 4 |a human resources  |2 eng 
700 1 |a Szabó, Peter  |u 064000  |k Z1  |4 ths  |U MTF Materiálovotechnologická fakulta  |T MTF Ústav priemyselného inžinierstva a manažmentu  |X 19244  |U M4000  |Y 84  |7 A000019244 
856 4 |u http://is.stuba.sk/zp/portal_zp.pl?podrobnosti=130635 
996 |c M* DP-13372  |l MMSKP  |s P  |a 0  |w stuzp61989_0001